Normal view MARC view

Entry Uniform Title

Number of records used in: 2

001 - CONTROL NUMBER

  • control field: 17462

003 - CONTROL NUMBER IDENTIFIER

  • control field: dpl

005 - DATE AND TIME OF LATEST TRANSACTION

  • control field: 20100830123318.0

008 - FIXED-LENGTH DATA ELEMENTS

  • fixed length control field: 100830|||a|||||| | ||| d

040 ## - CATALOGING SOURCE

  • Original cataloging agency: dpl
  • Transcribing agency: dpl

130 ## - HEADING--UNIFORM TITLE

  • Uniform title: Incredible India ; edited by Varsha Das

670 ## - SOURCE DATA FOUND

  • Source citation: Work cat.: (dpl)33508: Vasudev,Uma 17461, Fairs & festivals /, 2007

670 ## - SOURCE DATA FOUND

  • Source citation: Work cat.: (dpl)33508: Vasudev,Uma 17461, Fairs & festivals /, 2007

© Delhi Public Library
Hit Counter
free hit counter